[Event "EU-Cup 19th"]
[Site "Rethymno"]
[Date "2003.10.04"]
[Round "7.1"]
[White "Jobava, Baadur"]
[Black "Bareev, Evgeny"]
[Result "1-0"]
[WhiteElo "2596"]
[BlackElo "2721"]
[Annotator "Balinov/Lukacs,P"]
[PlyCount "67"]
[EventDate "2003.09.28"]
[EventType "team-swiss"]
[EventRounds "7"]
[EventCountry "GRE"]
[SourceTitle "EXT 2005"]
[Source "ChessBase"]
[SourceDate "2004.11.15"]
[SourceVersion "1"]
[SourceVersionDate "2004.11.15"]
[SourceQuality "1"]
[WhiteTeam "Tbilisi"]
[BlackTeam "Sarajevo Bosna"]
[WhiteTeamCountry "GEO"]
[BlackTeamCountry "BIH"]

1. e4 {[%mdl 128]} c6 2. d4 d5 3. Nd2 dxe4 4. Nxe4 Bf5 5. Ng3 Bg6 6. h4 h6 7.
Nf3 Nd7 {Das wird meistens gespielt.} ({Die Hauptalternative ist} 7... Nf6) 8.
h5 Bh7 9. Bd3 Bxd3 10. Qxd3 Ngf6 11. Bd2 (11. Bf4 {ist zur Zeit sehr aktuell.}
e6 12. O-O-O Be7 13. Kb1 {Hier ein Beispiel aus diesem Turnier:} Qa5 (13... O-O
14. Ne4 Qa5 (14... Nxe4 15. Qxe4 Nf6 16. Qe2 Qd5 17. Ne5 Qe4 18. Qxe4 Nxe4 19.
Rhe1 Nf6 20. g4 Rfd8 21. Be3 {Kasparov,G-Anand,V/ Linares 2003}) 15. Nxf6+ Nxf6
16. Ne5 (16. g4 $5) 16... Rad8 17. Qg3 Kh8 18. c4 Nd7 19. Rd3 Bf6 {Akopian,
V-Bareev,E/ Enghien les Bains 2003}) 14. Ne4 O-O {Zugumstellung -> siehe 13...
0-0} 15. g4 $5 Nxg4 16. Ne5 f5 17. Nxd7 $1 fxe4 18. Qg3 Rxf4 19. Qxf4 Qf5 20.
Qc7 Bg5 $6 (20... Nxf2 $142 $5 {Motylev,A-Dreev,A/ RUS-ch Krasnoyarsk 2003})
21. Rhf1 $18 {und Weiß steht auf Gewinn, Vallejo Pons-Landa/ EU-Cup Rethymnon
2003}) 11... e6 12. O-O-O Be7 ({Früher spielte man automatisch} 12... Qc7 {
und rochierte lang. Die Praxis zeigte aber, dass die schwarze Stellung auch
mit kurzer Rochade sehr fest ist.}) 13. Qe2 {[%mdl 32768] Weiß versucht hier
verschiedene Wege:} (13. Ne4 Nxe4 {Atalik} (13... O-O {Atalik} 14. g4 Nxg4 15.
Rhg1 f5 16. Qb3 $1 Rf7 $1 (16... fxe4 $2 17. Qxe6+ Rf7 18. Rxg4 Kf8 (18... exf3
19. Rxg7+ Kxg7 20. Qxh6+ Kg8 21. Rg1+ $18) 19. Bxh6 gxh6 (19... exf3 20. Rxg7
$18) 20. Qxh6+ Ke8 21. Ne5 $18) 17. Nc3 Nf8 18. Qxb7 (18. Ne5 $2 Nxe5 19. dxe5
Qb6) 18... Bh4 19. Qxc6 Bxf2 $13) 14. Qxe4 Nf6 15. Qe2 Qd5 16. c4 Qe4 17. Qxe4
Nxe4 18. Be3 Nd6 19. b3 O-O (19... b5 20. c5 (20. d5 $6 bxc4 21. dxe6 fxe6 $15)
(20. cxb5 Nxb5 $13) 20... Ne4 $14) 20. Kc2 Rfd8 21. g4 f6 22. a4 a6 23. Nh4 b5
$1 $11 {Weiß hat mehr Raum, aber es herrscht ungefähr Gleichgewicht, Spasov,
V-Atalik,S/ GRE-chT 2003}) ({Oder} 13. Kb1 O-O 14. Ne4 c5 15. dxc5 (15. Be3 Qc7
16. Nxf6+ Nxf6 17. g4 Nxg4 18. Rhg1 f5 19. Qc4 Qc6 20. Ne5 Nxe5 21. dxe5 Kh7
22. Rg6 f4 23. Rxe6 Qf3 24. Qd3+ Kh8 25. Rxe7 fxe3 26. Rg1 exf2 27. Qh7+ Kxh7
28. Rgxg7+ Kh8 29. Rh7+ Kg8 30. Reg7# {McShane,L-Gustavsson,J/ Kuppenheim op
blitz 2003 (30)}) 15... Nxc5 16. Nxf6+ Bxf6 17. Qxd8 Rfxd8 18. Be3 Na4 (18...
Rac8 19. Rxd8+ Bxd8 20. Rd1 Bf6 21. c3 {1/2-1/2 Kupreichik,V-Balashov,Y/
URS-ch Vilnius 1980 (21)}) 19. Rxd8+ Rxd8 20. c3 Be7 21. Kc2 Bc5 $11 {Kholmov,
R-Nielsen,P/ Azov 1993/ 1/2-1/2 (39)}) 13... O-O 14. Kb1 c5 15. d5 $5 {[%mdl 8]
Lukacs: This is a very important novelty in the history of the variation.} (15.
dxc5 {Lukacs} Bxc5 (15... Qc7 $5 16. Ne4 (16. b4 $6 {is ridiculous because of}
a5 $17 {blowing up the <<.}) (16. Nf5 $6 exf5 (16... Bxc5 $5) 17. Qxe7 Rfe8 18.
Qd6 Qxc5 19. Qxc5 Nxc5 20. Nd4 Nce4 21. Be1 Ng4 {Black's pieces are very
active now.} 22. Rf1 Rad8 $11 {Spangenberg-Garcia Palermo, Clarin GP-Villa
Gesell 1997}) (16. Rh4 Nxc5 17. Rd4 Rfd8 18. Bf4 Qb6 {neutralizing White's
pressure on the d <->.} 19. Ka1 Rxd4 20. Rxd4 Rd8 $11 {Visser-Janssen, NED-ch
qual Rotterdam 1999}) 16... Nxc5 (16... Nxe4 17. Qxe4 Nf6 18. Qe5 Qxc5 19. Be3
Qc6 20. Bd4 Rfd8 21. Bc3 Rd5 22. Rxd5 Qxd5 23. Qxd5 Nxd5 24. Bd4 b5 {1/2:1/2
Xie Jun-Seirawan, Queens-Kings 2002}) 17. Nxc5 Qxc5 18. Ne5 Rac8 {White has no
time for his standard g4-g5 attack.} 19. Bc3 Rfd8 20. Qf3 b5 21. Rxd8+ Bxd8 22.
Rd1 Be7 $15 {Kosanovic-Kallai, Budapest FS06 GM 2000}) 16. Ne4 (16. Bc3 {
is usually met by} Nd5 17. Bd4 Qb6 $11 {is strong and simple.} (17... b5 $6 {
is too slow now.} 18. Ne4 $1 Bxd4 19. Nxd4 b4 20. g4 $1 {White's >> -> seems
to be more dangerous than Black's |^ on the other flank.} N7f6 (20... a5 $2 {
In the P race White is closer already.} 21. g5 $1 hxg5 22. Rhg1 N7f6 23. Nxg5
Qb6 24. Ne4 (24. h6 $5 g6) 24... Kh7 25. Nxf6+ gxf6 {(Garcia Garcia-Izeta,
Leon op 1997)} (25... Nxf6 26. Qe5 $1 b3 27. h6 $1 $18) 26. Qe4+ $1 Kh8 (26...
f5 27. Qe5 Rg8 28. Nxf5 $18) 27. h6 $18) 21. g5 Nxe4 22. Qxe4 Qxg5 23. Nxe6 $1
Qe7 24. Rxd5 Qxe6 25. Re5 $14 {with more active pieces for White.})) (16. Ne1 {
/\ Nd3, but this manoeuvre seems to be rather slow.} Rc8 17. Nd3 Be7 18. Ne4
Nxe4 19. Qxe4 Qc7 20. c3 Nf6 21. Qf3 Rfd8 $15 {Ivanchuk-Bareev/ RUS-The World
rapid 2002}) 16... Nxe4 $142 (16... Qc7 {allows the aggressive} 17. g4 $1 Nxe4
18. Qxe4 Nf6 19. Qe2 Nxg4 20. Bc3 Rad8 21. Rdg1 f5 22. Nh2 Bxf2 23. Nxg4 Bxg1
24. Nxh6+ gxh6 25. Qxe6+ Qf7 26. Rxg1+ Kh7 27. Qxf5+ Qxf5 28. Rg7+ Kh8 29. Rf7+
$11 {1/2-1/2 Hernandez,G-Campora,D/ Manila olm 1992}) 17. Qxe4 Nf6 $1 $132 {
- Ganguly-Prakash/ Mumbai 2003}) (15. c4 {Lukacs} cxd4 16. Nxd4 Qb6 17. Bf4 (
17. Bc3 $2 Bb4 $1 18. Bxb4 (18. Nb5 Bxc3 19. Nxc3 Nc5 $15 {Macieja-Karpov/
Polanicza Zdroj 1998}) 18... Qxb4 19. Nb5 (19. Nc2 Qc5 20. Rh4 Nb6 $15) 19...
Nb6 $15 {Mahjoob-Asrian/ Dubai 2001}) (17. Ndf5 $2 {is also inferior due to}
Ba3 $1 18. Nxh6+ gxh6 19. Bxh6 Rfd8 20. Ne4 Qxb2+ $19) 17... Bc5 (17... Rac8
18. Nb5 a6 19. Nd6 {1/2-1/2 Alekseev-Mchedlishvili/ EU-ch Istanbul 2003 (19)})
18. Nb3 Rfc8 19. Nxc5 Qxc5 {- Ulibin-Bareev/ RUS-ch Elista 1996}) (15. Bc1 {
is too slow:} cxd4 16. Nxd4 Qb6 17. Ne4 Rfd8 18. Nxf6+ Nxf6 19. Nb3 Qc6 20.
Rxd8+ Rxd8 21. f3 Kf8 22. Qf1 Nd5 $15 {Vazquez-Hauchard/ Havana 2002}) 15...
exd5 $6 (15... Nxd5 {deserves serious attention. (Lukacs)} 16. Ne4 {White has
sacrificed a P in order to avoid the opening of the [+], and get some tempi
for the -> on the >>.} (16. c4 N5f6 17. Bc3 Qc7) 16... Qb6 17. g4 $5 $44 (17.
c4 N5f6 18. Nc3 {White has to avoid any unnecessary exchanges.} Rad8 19. Rdg1 {
/\ g4} Ng4 20. Bc1 Ndf6 21. Ne1 {/\ f3} Qd6 22. f3 Ne5 23. Nb5 Qb8 24. Bf4 Nfd7
25. Nd3 f6 26. Rd1 a6 27. Nc3 Qc8 28. Bg3 Qc6 29. Nxe5 Nxe5 30. f4 (30. Bxe5
fxe5 31. Rxd8 Rxd8 32. Re1 (32. Rd1 Rd4) 32... Bh4 $132) 30... Rxd1+ 31. Rxd1
Nf7 32. Re1 Nd8 (32... Re8 33. Qxe6 Qxe6 34. Rxe6 Nd6 35. b3 Kf7 36. Re1 f5 37.
Bf2 b6 $11) 33. f5 Re8 34. fxe6 Bd6 35. Bxd6 Rxe6 36. Qf2 Rxe1+ 37. Qxe1 Qxd6
$11 {Glek-Willemze, Hoogeveen 2003})) 16. Bxh6 $1 {Lukacs: This is the precise
move order!} (16. Nf5 $6 {Lukacs} Re8 $13 {is the cool-blooded parade.} (16...
Ne4 $6 17. Ba5 $1 (17. Bxh6 $6 Bf6 (17... gxh6 18. Rxd5 $18) 18. Bxg7 Bxg7 19.
Nxg7 Qb6 20. Qe3 Kxg7 21. Rxd5 Ndf6 $15) 17... Qxa5 18. Nxe7+ Kh7 19. Rxd5 Qb4
(19... Ndf6 20. Re5 $18) 20. Qd3 Ndf6 21. Re1 $16)) 16... gxh6 17. Nf5 $1 (17.
Qd2 $2 {is early:} Re8 {Lukacs} 18. Qxh6 Bf8 $17) 17... Re8 18. Nxh6+ (18. Qd2
$2 {is again premature.} Bf8 {Lukacs} 19. Nxh6+ Bxh6 20. Qxh6 Ng4 21. Qf4 Ndf6
$17) 18... Kf8 {[#]} (18... Kg7 {Lukacs} 19. Qd2 Rh8 20. Nf5+ Kf8 21. Rde1 Ng8
22. Qxd5 $40 {with white's pieces dominating over the board.}) 19. Ng5 ({
Lukacs: This was the exact time for} 19. Qd2 $3 {after which White's -> is
extremely dangerous, for example:} Qb6 {Lukacs} (19... Ng8 {Lukacs} 20. Nxf7
Kxf7 21. Qxd5+ Kf8 (21... Kg7 22. Qf5 $18) 22. Qf5+ Bf6 (22... Ngf6 23. h6) 23.
Rxd7 $18) (19... Qc7 {Lukacs} 20. Qg5 Bd8 21. Nf5 $18) 20. Qg5 Bd6 21. Nf5 $18)
19... Qb6 20. Qf3 Ne5 21. Qg3 Bd6 22. Nf5 Qxb2+ $1 23. Kxb2 Nc4+ 24. Kb3 $5 ({
Jobava gibt sich nicht mit der Variante} 24. Kc1 Bxg3 25. fxg3 Ne3 26. Nxe3
Rxe3 $11 {mit ungefährem Ausgleich zufrieden.}) 24... Bxg3 25. h6 $1 {Das ist
die Pointe!} (25. Nxg3 b5 $11 {Comp Fritz8}) ({Auf} 25. fxg3 {folgt sehr stark}
Ne3) 25... Na5+ (25... Ne4 {Richtig ist} 26. fxg3 $1 ({Zum Unentschieden
führte:} 26. Nxe4 $2 Na5+ 27. Ka3 (27. Kb2 Be5+ 28. Nc3 Nc4+ 29. Kb3 Na5+ $11 {
mit Dauerschach.}) (27. Ka4 $2 Rxe4+ $19 28. Kxa5 $4 {Der Springer darf wegen}
Rb4 29. fxg3 (29. a3 Bc7#) 29... a6 {[%cal Rb7b6] nebst Matt nicht geschlagen
werden.}) 27... Nc4+ $11 {- 27.Kb2}) ({Oder} 26. h7 $2 Na5+ 27. Ka3 (27. Kb2 $2
Be5+ 28. Kc1 Bh8 $19 {mit einer Figur mehr.}) (27. Ka4 Nc3+ 28. Ka3 (28. Kxa5
$4 Bc7#) 28... Nb5+ 29. Ka4 $11 {mit Dauerschach.}) 27... Nc4+ 28. Kb3 Na5+ $11
{Dauerschach.}) 26... Nxg5 27. h7 $18) 26. Ka4 b5+ $1 {Lukacs: Now the white K
is in a real and present danger.} 27. Kxa5 Bc7+ 28. Kxb5 Rab8+ 29. Ka4 Ne4 ({
Oder} 29... Rb4+ 30. Ka3 Be5 31. Rb1 Nd7 32. h7 Bh8 33. Nxf7 $1 Rxb1 34. Rxb1
Kxf7 35. Nd6+ Kf8 36. Nxe8 Kxe8 37. Rb7 a6 38. f4 c4 39. Ra7 $18 {und der Rest
ist einfach.}) 30. Rxd5 $1 {Der Gewinnzug!} ({Bareevs Hoffnung war} 30. h7 $2
Nc3+ 31. Ka3 Nb5+ 32. Ka4 (32. Kb2 $2 Nd4+ 33. Kc3 Ne2+ 34. Kd2 Ba5+ 35. c3
Bxc3+ 36. Kc2 Rb2+ 37. Kd3 c4#) 32... Nc3+ 33. Ka3 $11 {mit Dauerschach.})
30... Nc3+ ({Auch nach} 30... Nxg5 {ist der Sieg nicht weit:} 31. h7 Nxh7 32.
Rxh7 Kg8 33. Rg7+ Kf8 (33... Kh8 34. Rd1 {[%cal Rd1h1]} Re4+ 35. Ka3 Rh4 36.
Rxf7 Rh5 37. Rdd7 Be5 38. Ne7 Bb2+ 39. Ka4 $18) 34. Rd7 $18) 31. Ka3 Nb5+ ({Auf
} 31... Nxd5 {bringt der h-Bauer die Erlösung:} 32. h7 $18) 32. Kb2 Nd4+ 33.
Kc3 Nb5+ (33... Nxf5 34. Nh7+ Kg8 (34... Ke7 $4 35. Re1+ $18) 35. Nf6+ $18 {
[%csl Re8]}) 34. Kd3 $138 {Und in dieser hoffnungslosen Stellung überschritt
Bareev vermutlich die Zeit.} (34. Kd3 {Eine mögliche Variante wäre:} Re5 (34...
c4+ 35. Kxc4 Na3+ 36. Kd3) 35. c4 (35. Kc4 $2 Rxf5 36. Rxf5 Nd6+) 35... Rxd5+
36. cxd5 Be5 37. h7 Bh8 38. Rc1 $18) 1-0

[Event "EU-ch 11th"]
[Site "Rijeka"]
[Date "2010.03.11"]
[Round "6"]
[White "Timofeev, Artyom"]
[Black "Jobava, Baadur"]
[Result "0-1"]
[WhiteElo "2655"]
[BlackElo "2695"]
[Annotator "CB"]
[PlyCount "93"]
[EventDate "2010.03.06"]
[EventType "swiss"]
[EventRounds "11"]
[EventCountry "CRO"]
[SourceTitle "CBM 136"]
[Source "ChessBase"]
[SourceDate "2010.05.18"]
[SourceVersion "1"]
[SourceVersionDate "2010.05.18"]
[SourceQuality "1"]

1. e4 c6 2. d4 d5 3. f3 {This line that had yielded him a quick victory in
last year's European Championship.} Qb6 4. Nc3 dxe4 5. Nxe4 Bf5 {As he knew
Jobava had to know the previous game, and undoubtedly smelling a rat, he
deviates first with} 6. c3 {#Play proceeded normally, with no edge on either
side.} Nd7 7. Bd3 e5 8. Ne2 exd4 9. cxd4 Bb4+ 10. Bd2 Ne7 11. O-O O-O 12. Kh1
Bxd2 13. Qxd2 Rad8 14. Rac1 Bg6 15. Bc4 Qc7 16. b4 Nb6 17. Bb3 Nbd5 18. b5 Qb6
19. bxc6 Nxc6 20. Rc5 Ndb4 21. Qc3 Na6 22. Rd5 Nc7 23. Rxd8 Rxd8 {#Until now,
both sides had played solidly and consistently, but Timofeev is the first to
go astray with} 24. Qc5 ({Better was} 24. a4 Qa5 25. Qxa5 Nxa5 26. Ba2 $11)
24... Qxc5 25. Nxc5 Na5 26. Kg1 b6 27. Ne4 Nxb3 28. axb3 f6 29. Kf2 Kf8 30. Rc1
Nd5 31. g4 Ke7 32. h4 Bf7 33. g5 {The position continued to degrade and by} a5
{#White was in serious trouble, having to face Black's queenside 2-1 majority
and better placed pieces. Jobava never let go and won after} 34. gxf6+ gxf6 35.
Rc6 Be6 36. Nd2 Rc8 37. Rxc8 Bxc8 38. Nc4 Ba6 39. Nc1 Kd7 40. Ne3 Nxe3 41. Kxe3
Bb7 42. Kf4 Ke6 43. Kg4 Kd5 44. Kf5 Kxd4 45. f4 Kc3 46. Kxf6 Kd2 47. Ke5 0-1

[Event "GEO-ch 71st"]
[Site "Tbilisi"]
[Date "2012.05.13"]
[Round "1"]
[White "Jobava, Baadur"]
[Black "Shanava, Konstantine"]
[Result "1-0"]
[WhiteElo "2721"]
[BlackElo "2589"]
[PlyCount "77"]
[EventDate "2012.05.13"]
[EventType "tourn"]
[EventRounds "11"]
[EventCountry "GEO"]
[EventCategory "10"]
[SourceTitle "CBM 148 Extra"]
[Source "ChessBase"]
[SourceDate "2012.06.22"]
[SourceVersion "1"]
[SourceVersionDate "2012.06.22"]
[SourceQuality "1"]

1. e4 d6 2. d4 Nf6 3. Nc3 e5 4. dxe5 dxe5 5. Qxd8+ Kxd8 6. Bg5 Bd6 7. O-O-O
Nbd7 8. Nf3 Ke8 9. Bb5 Kf8 10. Bxd7 Nxd7 11. Nb5 f6 12. Be3 Ke7 13. Rxd6 cxd6
14. Nc7 b6 15. Nxa8 Kd8 16. Nd2 Bb7 17. Nc4 Bxa8 18. Nxd6 Kc7 19. Nb5+ Kb8 20.
Rd1 Bc6 21. c4 Bxb5 22. cxb5 Rd8 23. Kc2 Kc7 24. a4 Nf8 25. Rxd8 Kxd8 26. Kd3
Ke7 27. Kc4 Kd6 28. f4 Ng6 29. f5 Nh4 30. g4 Nf3 31. h3 g6 32. a5 bxa5 33. Bc5+
Kd7 34. Kd5 Ng5 35. Bxa7 Nxh3 36. b6 Nf4+ 37. Kc5 Nd3+ 38. Kc4 Nxb2+ 39. Kb5
1-0

[Event "Burgas Black Sea"]
[Site "Burgas"]
[Date "2012.09.15"]
[Round "5"]
[White "Jobava, Baadur"]
[Black "Atalik, Suat"]
[Result "1-0"]
[WhiteElo "2734"]
[BlackElo "2603"]
[Annotator "Atalik,S"]
[PlyCount "119"]
[EventDate "2012.09.12"]
[EventType "tourn"]
[EventRounds "10"]
[EventCountry "BUL"]
[EventCategory "18"]
[SourceTitle "CBM 151"]
[Source "ChessBase"]
[SourceDate "2012.11.13"]
[SourceVersion "1"]
[SourceVersionDate "2012.11.13"]
[SourceQuality "1"]

1. c4 g6 2. Nc3 Bg7 3. d4 Nf6 4. e4 d6 5. Be2 O-O 6. h4 $5 {Ruckschloss. The
Slovak player and official has applied this system in many of his games.} (6.
g4 {was a speciality of GM Quinteros.} c5 (6... a6 $5 {may be subtle.}) 7. d5
e6 8. g5 Ne8 (8... Nh5 9. Bxh5 gxh5 $44) 9. h4 exd5 10. exd5 (10. cxd5 Nc7 $13)
10... Nc7 11. h5 Re8 12. hxg6 hxg6 {and it is difficult to stop b5.}) (6. Bg5
Na6 7. h4 c5 8. d5 e6 (8... Nc7 9. Qd2 e6 10. h5 exd5 11. exd5 $40) 9. Qd2 exd5
10. exd5 Re8 11. Kf1 {is very simialar to our game scenario.}) (6. Nf3 e5 7. d5
a5 8. Nd2 Na6 9. h4 Nc5 10. h5 c6 11. g4 a4 {also contains similarities with
the text.}) 6... c5 (6... e5 7. d5 Na6 (7... a5 8. h5 Na6 9. Bg5 Nc5 10. Bf3
$13) 8. h5 Nc5 9. h6 Bh8 10. Bg5 {in both cases with acceptable positions.}) (
6... Nc6 7. d5 (7. h5 e5 8. d5 Nd4 9. h6 Bh8 10. Bg5 c5) (7. Nf3 Bg4 8. Be3 e5
9. d5 Bxf3 10. gxf3 Nd4 11. f4 Nxe2 12. Qxe2 exf4 13. Bxf4 Nh5) 7... Ne5 8. Nf3
) (6... a6 $5 {may again be the most intelligent move.} 7. h5 c5 8. hxg6 hxg6
9. dxc5 Qa5 (9... dxc5 10. Qxd8 Rxd8 11. e5 Nfd7 12. f4 Nc6 13. Be3 Nd4 14.
O-O-O $32) 10. Kf1 Qxc5 $13) 7. d5 b5 (7... e6 8. h5 exd5 9. exd5 Re8 10. Kf1
Nbd7 11. hxg6 hxg6 12. Nf3 Ne4 13. Nxe4 Rxe4 14. Bd3 Re8 15. Bg5 Qb6 16. Rb1
$40) 8. cxb5 a6 9. bxa6 $2 ({The known schema is} 9. a4 Qa5 10. Bd2 Qb4 11. Qc2
$1 (11. f3 Nh5) (11. Bd3 Ng4) 11... Nbd7 (11... axb5 $6 12. Bxb5 Na6 (12... Ba6
13. f3 c4 14. Nge2 Qc5 15. Qc1 Nbd7 (15... Nfd7 16. Be3 Qb4 17. h5 $16) 16. Be3
Qb4) 13. Nf3 Qa5 14. O-O $16) (11... c4 12. h5 $13) 12. Nf3 axb5 13. Bxb5 Ng4
$132) 9... Qa5 10. Bd2 Bxa6 11. h5 $5 {An enterprising move.} Nbd7 {I wanted
to play safer since I have had a good Benkö!} (11... Bxe2 12. Ngxe2 (12. Qxe2
Nxh5 13. g4 (13. Rxh5 gxh5 14. Qxh5 Qb4 15. Qh3 $44) 13... Nf6 (13... Nf4 $2
14. Qf3 e5 15. dxe6 fxe6 16. Nce2 $18) 14. g5 Nh5 15. Nf3 Nd7 16. a4 Rfb8 17.
Nd1 Qd8 $15) (12. Ncxe2 $6 Qa6 13. hxg6 hxg6 14. Ng3 Nbd7 15. Nf3 Ng4 $40)
12... Nxh5 13. Rxh5 gxh5 14. Ng3 Nd7 15. Nf5 Ne5 16. Nxe7+ Kh8 17. Qe2 $13) 12.
hxg6 hxg6 (12... fxg6 13. Nh3) 13. Kf1 Rfb8 14. b3 {This is one of the
critical positions.} Ne5 $2 {A product of miscalculation.} (14... Ng4 15. Na4 (
15. Rc1 Bd4 16. Nh3) 15... Bxe2+ 16. Qxe2 Qa6 17. Rc1 Bd4 18. Be1 (18. Rh4 $2
Nxf2 19. Rc4 Bf6 $19) 18... Nde5 $40) (14... Rb4 $6 {is probably too agressive.
} 15. Rc1 (15. a3 Rd4) 15... c4 16. Nb1 cxb3 17. axb3 Nxe4 18. Bxb4 Qxb4 19.
Bxa6 Rxa6 20. Rc8+ Nf8 21. Rc4 Qb5 22. Ne2 $16) (14... Bxe2+ $142 15. Ngxe2 (
15. Qxe2 $2 Rxb3) 15... c4 16. bxc4 Ng4 $40) 15. Nf3 $1 Nfg4 (15... Nxf3 16.
gxf3 Bxe2+ 17. Nxe2 Qa3 18. Bc3 Nh5 19. Kg2 $14) 16. Nxe5 Bxe5 (16... Nxe5 17.
Nb5 Qb6 18. a4) 17. Na4 Bxe2+ 18. Qxe2 Qa6 {I was in between two queen moves.}
(18... Qb5 $5 19. Rc1 Bd4 20. Rh4 (20. f3 Nf2 (20... Nf6 $2 21. Qxb5 Rxb5 22.
Ke2 Nh5 23. Kd3 $16) 21. Qxb5 Rxb5 22. Rh4 Rxa4 $1 23. bxa4 Rb2 24. Bc3 Rxa2
$44 25. Bxd4 $140 $2 cxd4 26. Rc8+ Kg7 $19) 20... Nf6 (20... Nxf2 21. Rc4 Nd1
22. Bc1 Rxa4 23. bxa4 Qa6 24. Rh3 Rb1 25. Rc2 Qxe2+ 26. Kxe2 Nf2 27. Rb3 Ra1
28. Kf3 $18) 21. Rc4 $16) 19. Rc1 Bd4 20. Rh4 $1 {I missed this one.} Nf6 $6 (
20... f5 21. exf5 gxf5 22. Rc4 Ne5 23. Kg1 $3 (23. Qh5 Nxc4 24. Qg6+ Bg7 25.
Rxc4 Kh8 26. Qh5+ Kg8 27. Qxf5 Rf8 28. Qe6+ Rf7 29. Kg1 Qxc4 30. bxc4 Rxa4 31.
Be3 Rxa2 32. g4 Bd4 33. g5 Kg7 34. Qh6+ Kg8 35. g6 Rg7 36. Bxd4 cxd4 37. Qg5
Rc2 38. Qg4 Rxc4 $11) 23... Nxc4 24. Qe6+ $18) (20... Ne5 21. Qxa6 Rxa6 22. Ke2
Rxa4 23. bxa4 Rb2 24. f4 g5 $1 $44) (20... Nxf2 $4 21. Rc4 Bf6 22. Qxf2 $18)
21. Rc4 (21. Qxa6 Rxa6 22. Ke2 Rxa4 23. bxa4 Rb2 24. f3 Rxa2 25. a5 Nd7 26.
Rhh1 Ne5 27. Rhd1 g5 $44 (27... c4 $2 28. f4)) 21... Nd7 22. Rc2 (22. Bg5 Ne5
23. Bxe7 $2 {does not work due to} Qxc4 $1 24. Bf6 Qc1+ 25. Qe1 Qxe1+ 26. Kxe1
Nd3+ $19) 22... Ne5 23. Bc3 Kg7 (23... g5 $5 24. Rh5 Qxe2+ 25. Kxe2 f6 26. Bxd4
cxd4 27. Rc7 Rxa4 28. bxa4 Rb2+ 29. Kd1 Nd3 $44) 24. Rh3 Qa7 $5 (24... Qxe2+
25. Kxe2 Bxc3 26. Nxc3 g5 $44) 25. f4 Nd7 26. Rd2 Bxc3 (26... Rh8 $6 27. Bxd4+
cxd4 28. Qf2 Rxh3 29. gxh3 Nf6 30. Qxd4 $16) 27. Nxc3 Rh8 (27... Qa3 $5) (27...
Rb4 28. Qe3) 28. Rdd3 Qa3 29. Qe1 Qb4 $6 {This has misplaced my queen.} (29...
Qa6 $142 $5 30. Qe2 Qa3 $11) (29... c4 30. bxc4 Qc5 31. Qe2 Qxc4 32. Rxh8 Rxh8
33. Rh3 Qb4 34. Rxh8 Kxh8 35. Qe3 Nc5 $11) 30. Na4 Qb5 (30... Nf6 31. Qxb4 cxb4
32. Rd4 Rxh3 33. gxh3 Rc8 34. Rxb4 Rc2 $44) 31. Kg1 f6 {The final mistake.} (
31... c4 32. Rxh8 Rxh8 33. Qc3+ Nf6 34. Qxc4 Qxc4 35. bxc4 Nxe4 36. Re3 f5 37.
Nc3 Nxc3 38. Rxc3 Ra8 39. a3 Rb8 $11) 32. Rxh8 Rxh8 33. Nb2 Qa6 34. a4 $16 c4
35. Nxc4 Nc5 36. Rg3 Nxb3 37. e5 $1 {The usual breakthrough.} Qa7+ $2 {I have
lost my resiliency.} (37... dxe5 38. fxe5 $1 (38. Qb1 $2 Qa7+ 39. Ne3 Rh6 40.
fxe5 Nd4 41. exf6+ exf6 $132) (38. Qe4 Qa7+ 39. Ne3 Rh6 40. fxe5 Nd4 41. exf6+
exf6 42. Rg4 Nf5 43. Kf2 $16) 38... f5 39. Qb4 Qa7+ 40. Qb6 $18) 38. Qe3 Nd4
39. exd6 exd6 40. Nxd6 $1 Ra8 (40... Rh5 41. f5 g5 42. a5 $18) 41. Kf2 Qc7 42.
Qxd4 (42. Qe4 $142) 42... Qxd6 43. Rb3 Rd8 44. Rb6 (44. Rb7+ $142 Kg8 45. a5
$18 {was the simplest.}) 44... Qe7 45. a5 Qf7 46. Rb5 Rc8 47. Rc5 Re8 (47...
Qa7 48. Rc4 $18) 48. Qc4 Qa7 49. Kf3 Kh6 50. d6 Qb7+ (50... f5 51. Qc1 $1 {
switches the side of attack.}) 51. Rd5 Re1 (51... Rc8 52. a6 Qa8 53. Qd4 $18)
52. d7 Rc1 53. Qb5 $1 Rc3+ 54. Kf2 (54. Ke2 $18 {was again the simplest.})
54... Qc7 55. Qb4 $1 Rc2+ 56. Kg3 Qd8 57. Qe4 Rc3+ 58. Rd3 f5 59. Qe3 Rc4 60.
Qe8 {Finito La Comedia!} (60. Qe8 Qc7 61. Qh8#) 1-0